000 00755nam a2200241Ia 4500
003 OSt
005 20221005115916.0
006 a|||||r|||| 00| 0
007 ta
008 221004b |||||||| |||| 00| 0 eng d
024 _a68256
037 _cTextual
040 _aCRL
_cCRL
_beng
041 _2eng
_aeng
082 _aX:76n2:19, J9
110 _aIndia,(Govt.0f--). Steel,Mines and Fuel(Ministry of --). Iron and Steel(Department of --).
_9628262
245 0 _aConsolidated price circular N0.1 of 1959
260 _c1959
650 _aECONOMICS
700 _aIndia,(Govt.0f--). Steel,Mines and Fuel(Ministry of --). Iron and Steel(Department of --).
_9628263
942 _hX:76n2:19, J9
_cTEXL
_2cc
999 _c1036291
_d1036291